00352nam a2200133Ia 4500003000400000008004100004020002300045040000800068100002000076245006500096260003000161300001500191365001200206LDD181029s9999 xx 000 0 und d a415391954cP 80.00 cLDD aNardi, Isabella 4aThe Theory Of Citrasutras In Indian PaintingcIsabella Nardi aNew YorkbRoutledgec2006 axviii, 190 bP 80.00